00282nam a2200121Ia 4500003000400000005001700004008004100021020001900062040001700081100001800098245003600116260000800152OSt20240311163423.0170523s9999 xx 000 0 und d a978-8120307940 ciimtu meerut aHANSEN- GHARE 0aQUALITY CONTROL AND APPLICATION bPHI